ბათუმის შოთა რუსთაველის სახელმწიფო უნივერსიტეტის ბიბლიოთეკა

მძივ სამკაული სამხრეთ - დასავლეთ საქართველოდან : (ბიბ.ჩანაწერი № 52202)

000 -ლიდერი
ფიქსირებული სიგრძის საკონტროლო ველი 01338nam a2200229Ia 4500
001 - საკონტროლო ნომერი
საკონტროლო ველი 19210
003 - საკონტროლო ნომრის იდენტიფიკატორი
საკონტროლო ველი GE_BSU
005 - ბოლო ოპერაციის თარიღი და დრო
საკონტროლო ველი 20220920124050.0
008 - ფიქსირებული სიგრძის მონაცემთა ელემენტები - ზოგადი ინფორმაცია
ფიქსირებული სიგრძის საკონტროლო ველი 181216s2008||||ge |||||||||||||| ||geo||
040 ## - კატალოგიზაციის წყარო
Transcribing agency GE_BSU
041 ## - ენის კოდი
Language code of text/sound track or separate title geo
080 ## - უნივერსალური ათობითი კლასიფიკაციის ინდექსი
Universal Decimal Classification number 93 თ-862
100 ## - მთავარი ჩანაწერი - პიროვნების სახელი
Personal name თურმანიძე, მირანდა
9 (RLIN) 10417
245 ## - ცნობა სათაურის შესახებ
Title მძივ სამკაული სამხრეთ - დასავლეთ საქართველოდან :
Remainder of title (არქეოლოგიური მასალების მიხედვით) დისერტაცია /
Statement of responsibility, etc მირანდა თურმანიძე; სამეცნიერო ხელმძღვანელი დ. კაჭარავა; ბათუმის შოთა რუსთაველის სახელმწიფო უნივერსიტეტი.
264 ## - წარმოების, გამოცემის, დისტრიბუციის და სხვა ცნობები
გამოცემის, წარმოების, დისტრიბუციის... ადგილი ბათუმი,
გამოცემის, წარმოების, დისტრიბუციის... სახელწოდება
გამოცემის, წარმოების, დისტრიბუციის... თარიღი 2008.
300 ## - ფიზიკური აღწერა
Extent 147 გვ.
Other physical details 30 სმ.
653 ## - INDEX TERM--UNCONTROLLED
Uncontrolled term დისერტაცია
653 ## - INDEX TERM--UNCONTROLLED
Uncontrolled term ისტორია
653 ## - INDEX TERM--UNCONTROLLED
Uncontrolled term მძივ სამკაული სამხრეთ-დასავლეთ საქართველოდან
700 ## - ADDED ENTRY--PERSONAL NAME
Personal name კაჭარავა, დ.
Relator term სამეცნიერო ხელმძღვანელი
9 (RLIN) 10418
942 ## - ADDED ENTRY ELEMENTS (KOHA)
Koha item type წიგნი
Source of classification or shelving scheme
ეგზემპლარები
ჩამოწერის სტატუსი დაკარგული ეგზემპლარის სტატუსი კლასიფიკაციის წყარო ან თაროზე გაწყობის სქემა დაზიანების სტატუსი არ გაიცემა მუდმივი მდებარეობა (დაცვის ადგილი) ამჟამინდელი ადგილსამყოფელი თაროზე განთავსების ადგილი შეძენის თარიღი სრული შენახვის შიფრი შტრიხკოდი ბოლო ოპერაციის თარიღი ეგზემპლარის მიმდევრობითი ნომერი (კეტერი?) ფასის ძალაში შესვლის თარიღი ეგზემპლარის სახეობა საჯარო შენიშვნა
          ბათუმის შოთა რუსთაველის სახელმწიფო უნივერსიტეტის მთავარი ბიბლიოთეკა ბათუმის შოთა რუსთაველის სახელმწიფო უნივერსიტეტის მთავარი ბიბლიოთეკა წიგნსაცავი 2018-12-17 93 თ - 862 43 დისერტ. 2018-12-17 43 2018-12-17 დისერტაცია